| 000 | 00532nam a2200169 i 4500 | ||
|---|---|---|---|
| 001 | 90766 | ||
| 003 | ES-MaACL | ||
| 005 | 20230906180544.0 | ||
| 007 | t| | ||
| 008 | 050124s1965 sp ||||1| spa d | ||
| 100 | 1 |
_aLeclercq, Jacques. _971094 |
|
| 245 | 1 | 0 |
_aDerechos y deberes del hombre, según el derecho natural / _cJacques Leclercq ; [versión castellana de Alejandro Ros]. |
| 260 |
_aBarcelona : _bHerder, _c1965. |
||
| 300 |
_a479 p. ; _c22 cm. |
||
| 700 | 1 |
_aRos, Alejandro. _999564 |
|
| 852 |
_aES-MaACL _jC-27436 _bR.56330 |
||
| 999 |
_c90766 _d90766 |
||